Corpus Iuris Canonici
Gorde:
| Formatua: | Liburua |
|---|---|
| Hizkuntza: | latina |
| Argitaratua: |
Leipzig
Bernhardi Tauchnitz
1879
|
| Edizioa: | 2a. ed |
| Gaiak: | |
| Etiketak: |
Etiketa erantsi
Etiketarik gabe, Izan zaitez lehena erregistro honi etiketa jartzen!
|
MARC
| LEADER | 00000cam a2200000 a 4500 | ||
|---|---|---|---|
| 001 | UCD3643 | ||
| 003 | CL-VaPUC | ||
| 008 | 160616e18790000gw |||||||||||||||||lat|d | ||
| 082 | 0 | 4 | |a 262.922 |b COR |2 21 |
| 245 | 1 | 0 | |a Corpus Iuris Canonici |
| 250 | |a 2a. ed | ||
| 300 | |a t | ||
| 942 | |c BK | ||
| 945 | |d 20160616 22:39:00 |a dcastane | ||
| 260 | |a Leipzig |b Bernhardi Tauchnitz |c 1879 | ||
| 650 | 7 | |a DERECHO CANONICO |2 CL-VaPUC |9 587195 | |
| 650 | 0 | |a Derecho eclesiástico |9 255055 | |
| 650 | 0 | |a Historia del derecho |9 255109 | |
| 650 | 7 | |a HISTORIA DEL DERECHO CANONICO |2 CL-VaPUC |9 470136 | |
| 583 | |a last modification |c 20160616 22:39:00 |k Rodrigo Vera | ||
| 999 | |c 364670 |d 364668 | ||
| 952 | |0 0 |1 0 |3 erd |4 0 |6 262_922000000000000_COR_1879 |7 0 |8 X |9 478227 |a BIBTEO |b BIBTEO |h t.1 |i 5239095 |o 262.922 COR 1879 |p 5239095 |r 2024-01-18 |w 2019-11-24 |y BK_X |z Catalogado en:20160616 |k OFM | ||
| 952 | |0 0 |1 0 |3 erd |4 0 |6 262_922000000000000_COR_1879 |7 0 |8 X |9 478228 |a BIBTEO |b BIBTEO |h t.2 |i 5239109 |o 262.922 COR 1879 |p 5239109 |r 2024-01-18 |w 2019-11-24 |y BK_X |z Catalogado en:20160616 |k OFM | ||